Bài tập Turbo Pascal 5.5

Gespeichert in:
Bibliographische Detailangaben
1. Verfasser: Đỗ Phúc
Format: Buch
Sprache:Undetermined
Veröffentlicht: Tp. HCM 1993
Schlagworte:
Tags: Tag hinzufügen
Keine Tags, Fügen Sie den ersten Tag hinzu!
Thư viện lưu trữ: Trung tâm Học liệu Trường Đại học Cần Thơ
LEADER 00477nam a2200157Ia 4500
001 CTU_5095
008 210402s9999 xx 000 0 und d
082 |a 005.133076 
082 |b Ph506 
100 |a Đỗ Phúc 
245 0 |a Bài tập Turbo Pascal 5.5 
245 0 |c Đỗ Phúc 
260 |a Tp. HCM 
260 |c 1993 
650 |a pascal (computer programs ),programming languages ( electronic computers ) 
980 |a Trung tâm Học liệu Trường Đại học Cần Thơ